Vývoj objemu aktív dôchodkových fondov, dôchodkových jednotiek a analýza vzájomných vzťahov bakalárska práca

Gespeichert in:
Bibliographische Detailangaben
1. Verfasser: Janíková, Martina
Körperschaft: Fakulta podnikového manažmentu EU. Katedra podnikových financií
Weitere Verfasser: Škriniar, Pavel, 1979-
Format: Buch
Sprache:Slowakisch
Veröffentlicht: Bratislava 2011
Tags: Tag hinzufügen
Keine Tags, Fügen Sie das erste Tag hinzu!

MARC

LEADER 00000nbm a2200000 4500
001 0131375
005 20161109111420.8
041 0 |a slo 
044 |a SK 
245 1 0 |a Vývoj objemu aktív dôchodkových fondov, dôchodkových jednotiek a analýza vzájomných vzťahov  |b bakalárska práca  |c Martina Janíková ; školiteľ: Pavel Škriniar 
264 1 |a Bratislava  |c 2011 
300 |a 31 s. 
100 1 |a Janíková, Martina 
700 1 |a Škriniar, Pavel, 1979- 
710 2 |a Fakulta podnikového manažmentu EU. Katedra podnikových financií